| 000 | 01055nam0a22002651 4500 | ||
|---|---|---|---|
| 001 | rc\572421 | ||
| 005 | 20260407141133.0 | ||
| 010 |
_a5-02-028726-1 _91000 |
||
| 035 | _a(NLR Aleph) 005820871 | ||
| 090 |
_a5478158 _c5478158 |
||
| 100 | _a20031121d1988 |||y0rusy50 ca | ||
| 101 | 0 | _arus | |
| 102 | _aRU | ||
| 105 | _aa ||||||||| | ||
| 200 | 1 |
_aРаспространение тепловых волн в гетерогенных средах _eСб. науч. тр. _fАН СССР, Сиб. отд-ние, Ин-т катализа _gОтв. ред. Ю.Ш. Матрос |
|
| 210 |
_aНовосибирск _cНаука. Сиб. отд-ние _d1988 |
||
| 215 |
_a288 с. _cил. _d22 |
||
| 320 | _aБиблиогр. в конце ст. | ||
| 702 | 1 |
_aМатрос _bЮ.Ш. _gЮрий Шаевич _4340 |
|
| 712 | 0 | 2 |
_aИнститут катализа им. Г. К. Борескова _cНовосибирск _3RU\NLR\AUTH\8810008784 _9515315 |
| 801 | 0 |
_aRU _bNLR _gpsbo |
|
| 801 | 1 |
_aRU _bELAR _2rusmarc |
|
| 852 |
_aNLR _j88-5/6283 |
||
| 942 | _cBOOK | ||
| 980 | _aNB | ||